| 000 | 00746cam a2200181 4500 | ||
|---|---|---|---|
| 001 | X118459 | ||
| 008 | 020619n2002 000 0 eng u | ||
| 035 | _a(Sirsi) u118459 | ||
| 100 | _aReddin, Patrick | ||
| 245 | 4 | _aThe future of experts | |
| 260 | _c2002 | ||
| 490 |
_aLandlord and Tenant Review _v 6(1) 2002, 1-2(2) |
||
| 520 | _aEditorial looks at future role of experts in housing disrepair litigation. Highlights decline in new entrants to building surveying and engineering professions. Recommends introduction of computerised scoring system to allow accredited, rather than fully qualified inspectors, to carry out evaluations. | ||
| 650 | _aLITIGATION | ||
| 650 | _aEVALUATION | ||
| 690 |
_aDispute resolution _96236 |
||
| 942 | _n0 | ||
| 999 |
_c70514 _d70514 |
||